ბათუმის შოთა რუსთაველის სახელმწიფო უნივერსიტეტის ბიბლიოთეკა

Новейшие достижения нефтехимии и нефтепереработки=Advances in petroleum chemistry and refining. Том. II. (ბიბ.ჩანაწერი № 38377)

000 -LEADER
fixed length control field 00811nam a2200217Ia 4500
001 - CONTROL NUMBER
control field 4387
003 - CONTROL NUMBER IDENTIFIER
control field GE_BSU
008 - FIXED-LENGTH DATA ELEMENTS--GENERAL INFORMATION
fixed length control field 181216s||||||||xx |||||||||||||| ||und||
040 ## - CATALOGING SOURCE
Transcribing agency GE_BSU
080 ## - UNIVERSAL DECIMAL CLASSIFICATION NUMBER
Universal Decimal Classification number 665.6.71+665.65
245 ## - TITLE STATEMENT
Title Новейшие достижения нефтехимии и нефтепереработки=Advances in petroleum chemistry and refining. Том. II.
245 ## - TITLE STATEMENT
Statement of responsibility, etc. Под ред. К.А.Кобе и Дж. Дж. Мак-Кета, перев. с англ. И.И.Абрамсона.
260 ## - PUBLICATION, DISTRIBUTION, ETC.
Place of publication, distribution, etc. М.
260 ## - PUBLICATION, DISTRIBUTION, ETC.
Name of publisher, distributor, etc. Гостоптехиздат.
260 ## - PUBLICATION, DISTRIBUTION, ETC.
Date of publication, distribution, etc. 1961.
300 ## - PHYSICAL DESCRIPTION
Extent 274 стр. 25 см.
300 ## - PHYSICAL DESCRIPTION
Accompanying material табл.
653 ## - INDEX TERM--UNCONTROLLED
Uncontrolled term Новейшие достижения нефтехимии и нефтепереработки.
653 ## - INDEX TERM--UNCONTROLLED
Uncontrolled term ქიმია
942 ## - ADDED ENTRY ELEMENTS (KOHA)
Koha item type წიგნი
ეგზემპლარები
Withdrawn status Lost status Damaged status Not for loan Date acquired Barcode Date last seen Price effective from Koha item type Public note
        2018-12-17 9500 2018-12-17 2018-12-17 წიგნი საცავი